• 首页
  • 本馆介绍
  • 公告通知
  • 最新文献
  • 馆藏检索
  • 电子资源
  • 读者导购
  • 参考咨询
  • 我的图书馆
  • 登录
  • 详细信息显示
  • 放入我的书架
  • 预约/预借图书
  • 作者相关作品
  • 分类相关作品
  • 丛书相关作品
  • 出版社相关作品

书目信息

  • 表格格式
  • 工作单格式
  • 卡片格式
题名:
我们什么也没看见
    
 
作者: 阿拉斯 著 ;何蒨 译
分册:  
出版信息: 北京   北京大学出版社  2016.09
页数: 220页
开本: 23cm
丛书名: 培文·艺术史
单 册:
中图分类: J205.5
科图分类:
主题词: 绘画--鉴赏--欧洲
电子资源:
ISBN: 978-7-301-27291-6
000 01256oam2 2200313 450
001 0120161997610
005 20170418153437.50
010    @a978-7-301-27291-6@dCNY76.00
100    @a20160914d2016 em y0chiy50 ea
101 1  @achi@cfre
102    @aCN@b110000
105    @aa z 000yy
106    @ar
200 1  @a我们什么也没看见@9wo men shen me ye mei kan jian@e一部别样的绘画描述集@dOn n'y voit rien descriptions@f(法)达尼埃尔·阿拉斯(Daniel Arasse)著@g何蒨译@zfre
205    @a2版
210    @a北京@c北京大学出版社@d2016.09
215    @a220页@d23cm
225 2  @a培文·艺术史
330    @a本书通过留个虚构的小故事,以描述性的语言,对绘画作品中的表象进行质疑,经由侦探一般的解谜过程,带领读者领悟画家的深意,论及委拉斯凯兹、提香、勃鲁盖尔、丁托列托等大师的作品。本书对西方名画的解读展现出丰富的艺术史知识,具有示范性的意义。
333    @a绘画爱好者
461  0 @12001 @a培文·艺术史
510 1  @aOn n'y voit rien descriptions@zfre
517 1  @a一部别样的绘画描述集@9yi bu bie yang de hui hua miao shu ji
606 0  @a绘画@x鉴赏@y欧洲
690    @aJ205.5@v5
701  0 @c(法)@a阿拉斯@9a la si@c(Arasse, Daniel@f1944-)@4著
702  0 @a何蒨@9he qian@4译
801  0 @aCN@b人天书店@c20160914
905    @b986996-99@dJ205.5@e777=2@f4
    
    我们什么也没看见:一部别样的绘画描述集=On n'y voit rien descriptions/(法)达尼埃尔·阿拉斯(Daniel Arasse)著/何蒨译.-2版.-北京:北京大学出版社,2016.09
    220页;23cm.-(培文·艺术史)
    使用对象:绘画爱好者
    
    ISBN 978-7-301-27291-6:CNY76.00
    本书通过留个虚构的小故事,以描述性的语言,对绘画作品中的表象进行质疑,经由侦探一般的解谜过程,带领读者领悟画家的深意,论及委拉斯凯兹、提香、勃鲁盖尔、丁托列托等大师的作品。本书对西方名画的解读展现出丰富的艺术史知识,具有示范性的意义。
●
相关链接 在E读中查询图书 在五车中查询图书 在当当中查询图书 在豆瓣中查询图书


正题名:我们什么也没看见     索取号:J205.5/777=2         预约/预借

序号 登录号 条形码 馆藏地/架位号 状态 备注
1 986996   209869962   第一样本阅览室/ [索取号:J205.5/777=2] 在馆    
2 986997   209869971   第一借阅区/ [索取号:J205.5/777=2] 在馆    
3 986998   209869980   第一借阅区/ [索取号:J205.5/777=2] 在馆    
4 986999   209869999   第一借阅区/ [索取号:J205.5/777=2] 在馆    
唐山师范学院图书馆 欢迎您!
大连网信软件有限公司© 版权所有